LEADER 01083nam a2200241 i 4500 001 000000178042 003 CaOOAMICUS 005 20260113141825.0 008 090304s2009 it u000 u ita u 020 $a978-88-8025-983-0 040 $aSeMil$bita 245 13$aIl Mistero della Pasqua del Signore :$bfestivo. 300 $aXIX, 545 p. :$bill. + 6, [4] p. di allegati. 500 $aIn Allegato : La Liturgia vigiliare vespertina ; Toni musicali. 773 0 $aChiesa Cattolica$tLezionario Ambrosiano.$dMilano : ITL, 2008-2009.$gLibro2$w()16001 774 0 $tLiturgia vigiliare vespertina. - Allegato con sequenza di paginazione autonoma.$w()306214 774 0 $tToni musicali. - Allegato senza sequenza di paginazione.$w()306215 850 $aSeMil 852 $aSeMil$W1$xVenegono$y1$mSL1.P V 72/1$j128836$B128836$CSeMilBibl$Z2$F139939 $8I 961 $aOmaggio: Maffi mons. Giuseppe 996 $6020$a978-88-8025-983-0$9(OLS)http://semarc/number/166975 996 $6245$aIl Mistero della Pasqua del Signore :$bfestivo$9(OLS)http://semarc/title/255720 LEADER 00604naa a2200145 i 4500 001 000000302117 003 CaOOAMICUS 005 20180831172735.0 008 180831n xx u000 u und u 013 $a9852 040 $aSeMil$bita 100 1 $aGarijo-Guembe, Miguel Mª.$0(OLS)http://semarc/name/84903 245 13$aLa naturaleza del ministerio sacerdotal en la teología ortodoxa m. 773 0 $tSacerdocio en el posconcilio.$dBurgos : Aldecoa, 1980.$kTeología del sacerdocio$z84-7009-084-4$w()35919 996 $6245$aLa naturaleza del ministerio sacerdotal en la teología ortodoxa m$9(OLS)http://semarc/title/378102